LEADER 01462nas 2200541-a 450 001 996321883903316 005 20240413021731.0 011 $a2353-074X 035 $a(CKB)110975506068711 035 $a(CONSER)---68036816- 035 $a(MiAaPQ)2046264 035 $a(DE-599)ZDB2397739-5 035 $a(EXLCZ)99110975506068711 100 $a20750626a19659999 --- a 101 0 $apol 181 $ctxt$2rdacontent 182 $cc$2rdamedia 183 $acr$2rdacarrier 200 00$aActa mycologica 210 $aWarszawa $cPa?stwowe Wydawn. Naukowe 215 $a1 online resource 300 $aRefereed/Peer-reviewed 311 $a0001-625X 531 $aACTA MYCOL 531 0 $aActa mycol. 606 $aMycology$vPeriodicals 606 $aMycology 606 $aMycology$2fast$3(OCoLC)fst01031307 606 $aGrzyby$vczasopisma$2jhpk 606 $aLichenologia$vczasopisma$2jhpk 606 $aMikologia$vczasopisma$2jhpk 606 $aPorosty$vczasopisma$2jhpk 608 $aPeriodicals 608 $aPeriodicals.$2fast 608 $aPeriodicals.$2lcgft 615 0$aMycology 615 2$aMycology 615 7$aMycology. 615 7$aGrzyby 615 7$aLichenologia 615 7$aMikologia 615 7$aPorosty 712 02$aPolskie Towarzystwo Botaniczne. 906 $aJOURNAL 912 $a996321883903316 920 $aexl_impl conversion 996 $aActa mycologica$92045246 997 $aUNISA